50 largest countries - Statistics

General Stats
  • This quiz has been taken 43 times
  • The average score is 38 of 50
Answer Stats
# Answer % Correct
3. China
100%
7. India
100%
2. Canada
97%
1. Russia
97%
6. Australia
91%
17. Iran
91%
13. Mexico
91%
8. Argentina
88%
5. Brazil
88%
48. France
88%
9. Kazakhstan
88%
12. Saudi Arabia
88%
36. Turkey
88%
4. USA
88%
15. Sudan
85%
10. Algeria
82%
37. Chile
82%
29. Egypt
82%
24. South Africa
82%
20. Chad
79%
25. Colombia
79%
11. Democratic Republic of the Congo
79%
16. Libya
79%
14. Indonesia
76%
18. Mongolia
76%
21. Niger
76%
19. Peru
76%
32. Venezuela
76%
27. Bolivia
73%
26. Ethiopia
73%
31. Nigeria
73%
33. Pakistan
73%
44. Ukraine
73%
22. Angola
70%
47. Kenya
70%
50. Thailand
70%
38. Zambia
67%
42. Central African Republic
64%
23. Mali
64%
43. South Sudan
64%
46. Botswana
61%
28. Mauritania
61%
35. Mozambique
61%
39. Myanmar
61%
34. Namibia
61%
41. Somalia
61%
30. Tanzania
61%
40. Afghanistan
58%
45. Madagascar
52%
49. Yemen
48%
No matching quizzes found
Score Distribution
Percent of People with Each Score
Percentile by Number Answered
Your Score History
You have not taken this quiz